Advances in oil palm research

Bibliographic Details
Other Authors: Chan, Kook Weng, Jalani B.S, Yusof Basiron
Format: Book
Published: [Bangi] : Malaysian Palm Oil Board, Ministry of Primary Industries, Malaysia , 2000
Subjects:

MARC

LEADER 00000cam a2200000 7i4500
001 0000003305
005 20050823.0
020 0 0 |a 9679610810 (v.1), 9679610829 (v.2) 
090 0 0 |a 633.851   |b ADV 
245 1 0 |a Advances in oil palm research   |c editors: Yusof Basiron, Jalani B.S., Chan, K.W. 
260 0 0 |a [Bangi] :   |b Malaysian Palm Oil Board, Ministry of Primary Industries, Malaysia ,   |c 2000 
300 |a 2v.(various paging) :   |b ill. ;   |c 26cm. 
650 0 0 |a Palm oil   |x Research 
650 0 0 |a Palm products   |x Research 
700 1 1 |a Chan, Kook Weng 
700 1 1 |a Jalani B.S. 
700 1 1 |a Yusof Basiron 
999 |a 0000006265   |b Monograph   |c Open Shelf   |e Default branch 
999 |a 0000006266   |b Monograph   |c Open Shelf   |e Default branch